Uma pequena histr̤ia da tributaȯ̂ e do federalismo fiscal no Brasil

Bibliographic Details
Main Author: de Oliveira, Fabrc̕io Augusto
Format: eBook
Language:Portuguese
Published: San Pablo: Editora ContraCorrente, 2020
Subjects:
Online Access:Acceso restringido

MARC

LEADER 00000nam a22000007a 4500
005 20210819123215.0
007 cr|||| ||||
008 210819s2020 br |||||s|||| 00||0 por d
020 |a 978-65-991612-2-3 
035 |a 35093 
040 |a vLex 
090 |c 12060  |d 12060 
100 1 |a de Oliveira, Fabrc̕io Augusto 
245 1 3 |a Uma pequena histr̤ia da tributaȯ̂ e do federalismo fiscal no Brasil  |h [Recurso electrn̤ico] /  |c Fabrc̕io Augusto de Oliveira 
256 |a Servicio en ln̕ea 
260 |a San Pablo:  |b Editora ContraCorrente,  |c 2020 
300 |a 1 recurso electrn̤ico 
506 1 |a Disponible solo en los productos indicados  |d vLex Global  |d vLex Global (Academic Edition, excluding Law Schools)  |d vLex Global (U.S. Academic Edition, Law Schools)  |d vLex Global (U.S. Academic Edition, excluding Law Schools)  |d vLex Global (Academic Edition, Law Schools) 
650 0 4 |a Derecho Tributario  |z Brasil 
740 0 |a vLex Libros (Servicio en ln̕ea) 
856 4 0 |u https://app.vlex.com/#/sources/35093  |z Acceso restringido 
942 |c BOOK 
999 0 |a Tax Law